00330nam a2200133Ia 4500008004100000041001200041082001600053100001500069245003700084260003300121300000900154650001700163700001600180221030s9999 xx 000 0 und d aEnglish a105.23bPur aB. R. Puri 0aPrinciples of Physical Chemistry bVishal Pub.aJalandharc2002 a1372 aBB Chemistry aSharma, L.r